[Event "Indische Dame Münster 1 - SC Rochade Em"]
[Site "Verbandsklasse 2017/2018"]
[Date "2017.09.16"]
[Round "1.1"]
[White "Lehmann, Mona"]
[Black "Stevermüer, Rüdiger"]
[Result "1/2-1/2"]
[WhiteElo "1909"]
[BlackElo "1989"]
[PlyCount "38"]
[EventDate "2017.??.??"]
[SourceTitle "Verband Muensterland"]
[SourceDate "2017.09.30"]
[SourceVersion "1"]
[SourceVersionDate "2017.09.30"]
[SourceQuality "1"]

1. e4 e5 2. Nf3 d5 3. exd5 Bd6 4. d4 e4 5. Ne5 Nf6 6. Bb5+ Kf8 7. Nc3 a6 8. Be2
h6 9. O-O b5 10. f3 e3 11. a3 Bb7 12. Bxe3 Bxd5 13. Nxd5 Nxd5 14. Bf2 Nf4 15.
Bg3 Bxe5 16. dxe5 Qxd1 17. Bxd1 Ne6 18. c3 Nd7 19. Bc2 g5 1/2-1/2

[Event "Indische Dame Münster 1 - SC Rochade Em"]
[Site "Verbandsklasse 2017/2018"]
[Date "2017.09.16"]
[Round "1.2"]
[White "Knispel-Roth, Martin"]
[Black "Lücke, Thomas"]
[Result "1/2-1/2"]
[WhiteElo "1889"]
[BlackElo "1828"]
[PlyCount "25"]
[EventDate "2017.??.??"]
[SourceTitle "Verband Muensterland"]
[SourceDate "2017.09.30"]
[SourceVersion "1"]
[SourceVersionDate "2017.09.30"]
[SourceQuality "1"]

1. Nf3 d5 2. g3 Nf6 3. Bg2 c6 4. O-O Bg4 5. d4 Nbd7 6. Nbd2 e6 7. b3 Qa5 8. Bb2
Ba3 9. Bxa3 Qxa3 10. c4 O-O 11. Qc1 Qxc1 12. Raxc1 a5 13. Rfe1 1/2-1/2

[Event "Indische Dame Münster 1 - SC Rochade Em"]
[Site "Verbandsklasse 2017/2018"]
[Date "2017.09.16"]
[Round "1.3"]
[White "Gerighausen, Karl-Heinz"]
[Black "Frie, Michael"]
[Result "1/2-1/2"]
[WhiteElo "1648"]
[BlackElo "1895"]
[PlyCount "41"]
[EventDate "2017.??.??"]
[SourceTitle "Verband Muensterland"]
[SourceDate "2017.09.30"]
[SourceVersion "1"]
[SourceVersionDate "2017.09.30"]
[SourceQuality "1"]

1. d4 Nf6 2. c4 c5 3. d5 b5 4. cxb5 a6 5. bxa6 g6 6. Nc3 Bxa6 7. g3 d6 8. Bg2
Bg7 9. Nf3 O-O 10. O-O Nbd7 11. Rb1 Qa5 12. Bd2 Rfb8 13. Qc2 Ng4 14. h3 Ngf6
15. Rfe1 c4 16. Nd4 Re8 17. Nc6 Qc7 18. b4 cxb3 19. axb3 Nb6 20. e4 Nfd7 21. f4
1/2-1/2

[Event "Indische Dame Münster 1 - SC Rochade Em"]
[Site "Verbandsklasse 2017/2018"]
[Date "2017.09.16"]
[Round "1.4"]
[White "ter Veen, Michael"]
[Black "Fehlings, Gerd"]
[Result "1/2-1/2"]
[WhiteElo "1668"]
[BlackElo "1754"]
[PlyCount "69"]
[EventDate "2017.??.??"]
[SourceTitle "Verband Muensterland"]
[SourceDate "2017.09.30"]
[SourceVersion "1"]
[SourceVersionDate "2017.09.30"]
[SourceQuality "1"]

1. c4 e6 2. Nc3 Nf6 3. e4 d6 4. g3 c5 5. Bg2 Be7 6. Nge2 O-O 7. O-O Nc6 8. d3
a6 9. h3 Qc7 10. f4 b6 11. Be3 Bb7 12. b3 Rfd8 13. d4 cxd4 14. Nxd4 Nxd4 15.
Qxd4 Nd7 16. Rac1 Bf6 17. Qd2 Nc5 18. Bxc5 dxc5 19. Qe2 Bd4+ 20. Kh2 Rd7 21. e5
Bxc3 22. Rxc3 Bxg2 23. Qxg2 Rad8 24. Rc2 Rd4 25. Rff2 Qd7 26. h4 h6 27. Rce2 b5
28. cxb5 axb5 29. Rc2 Qd5 30. Qxd5 R8xd5 31. Rc3 Kf8 32. Rfc2 Rd2+ 33. Rxd2
Rxd2+ 34. Kh3 Rd5 35. a4 1/2-1/2

[Event "Indische Dame Münster 1 - SC Rochade Em"]
[Site "Verbandsklasse 2017/2018"]
[Date "2017.09.16"]
[Round "1.5"]
[White "Bahr, Maximilian"]
[Black "Glotzbach, Thomas"]
[Result "0-1"]
[WhiteElo "1676"]
[BlackElo "1750"]
[PlyCount "38"]
[EventDate "2017.??.??"]
[SourceTitle "Verband Muensterland"]
[SourceDate "2017.09.30"]
[SourceVersion "1"]
[SourceVersionDate "2017.09.30"]
[SourceQuality "1"]

1. d4 Nf6 2. c4 e6 3. Nc3 d5 4. Nf3 c6 5. Bf4 dxc4 6. e3 Nd5 7. Bxc4 Nxf4 8.
exf4 Bd6 9. Ne5 Qc7 10. O-O O-O 11. Qg4 Be7 12. Rfe1 Kh8 13. Qg3 Nd7 14. f5
Nxe5 15. dxe5 exf5 16. Rad1 Be6 17. Bd3 g6 18. f4 Qb6+ 19. Qf2 Bc5 0-1

[Event "Indische Dame Münster 1 - SC Rochade Em"]
[Site "Verbandsklasse 2017/2018"]
[Date "2017.09.16"]
[Round "1.6"]
[White "Dittberner, Markus"]
[Black "Siebald, Jörg"]
[Result "1/2-1/2"]
[WhiteElo "1638"]
[BlackElo "1712"]
[PlyCount "62"]
[EventDate "2017.??.??"]
[SourceTitle "Verband Muensterland"]
[SourceDate "2017.09.30"]
[SourceVersion "1"]
[SourceVersionDate "2017.09.30"]
[SourceQuality "1"]

1. e4 e6 2. d3 d5 3. Nd2 g6 4. g3 Bg7 5. Bg2 Ne7 6. Ne2 O-O 7. O-O Nbc6 8. c3
Ne5 9. Qc2 dxe4 10. d4 Nd3 11. Bxe4 Nxc1 12. Raxc1 Rb8 13. a4 b6 14. f4 Bb7 15.
Bxb7 Rxb7 16. Qe4 Qd5 17. Rfd1 Rbb8 18. Qxd5 Nxd5 19. Kf2 Rbc8 20. Ne4 Nf6 21.
Kf3 Nxe4 22. Kxe4 Rfd8 23. Rd3 c5 24. Rcd1 cxd4 25. Nxd4 Rd5 26. h3 Rc4 27. b3
Rc8 28. Ne2 Rxd3 29. Rxd3 Kf8 30. Nd4 Ke7 31. g4 h6 1/2-1/2

[Event "Indische Dame Münster 1 - SC Rochade Em"]
[Site "Verbandsklasse 2017/2018"]
[Date "2017.09.16"]
[Round "1.7"]
[White "Peters, Tobias"]
[Black "Wichmann, Norbert"]
[Result "1-0"]
[WhiteElo "1616"]
[BlackElo "1758"]
[PlyCount "57"]
[EventDate "2017.??.??"]
[SourceTitle "Verband Muensterland"]
[SourceDate "2017.09.30"]
[SourceVersion "1"]
[SourceVersionDate "2017.09.30"]
[SourceQuality "1"]

1. e4 d6 2. d4 Nd7 3. Nc3 c6 4. f4 e5 5. Nf3 exd4 6. Nxd4 Ngf6 7. Bd3 Qc7 8.
Be3 g6 9. O-O Bg7 10. Kh1 Nc5 11. e5 dxe5 12. Nf5 Bxf5 13. Bxc5 Rd8 14. fxe5
Ng4 15. Bd6 Qb6 16. Bxf5 gxf5 17. Qe2 Qe3 18. Rae1 Qh6 19. h3 Qh5 20. Kg1 Rg8
21. hxg4 fxg4 22. Ne4 Kd7 23. Rf4 Bh8 24. Ref1 f6 25. Nxf6+ Bxf6 26. Rxf6 Rde8
27. Rf7+ Kd8 28. Qd3 b6 29. Bc5+ 1-0

[Event "Indische Dame Münster 1 - SC Rochade Em"]
[Site "Verbandsklasse 2017/2018"]
[Date "2017.09.16"]
[Round "1.8"]
[White "Brambrink, Ulf"]
[Black "Gatterdam, Karl-Heinz"]
[Result "1/2-1/2"]
[WhiteElo "1743"]
[BlackElo "1649"]
[PlyCount "64"]
[EventDate "2017.??.??"]
[SourceTitle "Verband Muensterland"]
[SourceDate "2017.09.30"]
[SourceVersion "1"]
[SourceVersionDate "2017.09.30"]
[SourceQuality "1"]

1. e4 e5 2. Bc4 Nf6 3. d4 exd4 4. Nf3 d5 5. exd5 Qe7+ 6. Qe2 Qxe2+ 7. Kxe2 Bc5
8. Rd1 Bf5 9. Nxd4 Bxd4 10. Rxd4 Bxc2 11. Na3 Ba4 12. Bf4 c5 13. dxc6 Bxc6 14.
Nb5 Bxb5 15. Bxb5+ Nc6 16. Rc1 O-O 17. Bxc6 bxc6 18. Rxc6 Rfe8+ 19. Be3 Rab8
20. b3 Rb5 21. Kf1 Rbe5 22. Rcd6 h5 23. Rd8 Ng4 24. Rxe8+ Rxe8 25. Ke2 Re6 26.
h3 Nh6 27. Rd8+ Kh7 28. Rd7 f5 29. Kd3 a6 30. Rb7 Ng8 31. Rb6 Rxb6 32. Bxb6 g5
1/2-1/2

[Event "SF Stadtlohn 1 - SC Klein-Berlin Rheine"]
[Site "Verbandsklasse 2017/2018"]
[Date "2017.09.16"]
[Round "1.2"]
[White "Bußwolder, Peter"]
[Black "Hauk, Viktor"]
[Result "1/2-1/2"]
[WhiteElo "1758"]
[BlackElo "1807"]
[PlyCount "52"]
[EventDate "2017.??.??"]
[SourceTitle "Verband Muensterland"]
[SourceDate "2017.09.30"]
[SourceVersion "1"]
[SourceVersionDate "2017.09.30"]
[SourceQuality "1"]

1. d4 Nf6 2. c4 e6 3. Nc3 Bb4 4. Nf3 O-O 5. Bg5 d5 6. e3 b6 7. Bd3 Bb7 8. O-O
Nbd7 9. Rc1 Be7 10. Re1 c5 11. cxd5 exd5 12. dxc5 Nxc5 13. Bb1 Ne6 14. Bh4 Qd6
15. a3 Rfd8 16. Nb5 Qd7 17. Nbd4 Nxd4 18. Nxd4 g6 19. Bd3 a6 20. Qf3 Kg7 21.
Bg3 Bd6 22. Rc2 Rac8 23. Rec1 Rxc2 24. Rxc2 Rc8 25. Kf1 Rxc2 26. Bxc2 Ne4
1/2-1/2

[Event "SF Stadtlohn 1 - SC Klein-Berlin Rheine"]
[Site "Verbandsklasse 2017/2018"]
[Date "2017.09.16"]
[Round "1.3"]
[White "van Dijk, Guido"]
[Black "Wensing, Herbert"]
[Result "1-0"]
[WhiteElo "1739"]
[BlackElo "1689"]
[PlyCount "51"]
[EventDate "2017.??.??"]
[SourceTitle "Verband Muensterland"]
[SourceDate "2017.09.30"]
[SourceVersion "1"]
[SourceVersionDate "2017.09.30"]
[SourceQuality "1"]

1. e4 e5 2. Nf3 Nf6 3. Nc3 Bc5 4. Bc4 Nc6 5. d3 h6 6. Be3 Bb6 7. h3 O-O 8. a3
d6 9. Qd2 Bxe3 10. fxe3 Be6 11. Nd5 Bxd5 12. Bxd5 Ne7 13. Ba2 c6 14. O-O-O Ng6
15. g4 d5 16. exd5 cxd5 17. Rdg1 e4 18. dxe4 dxe4 19. Nd4 Qd7 20. g5 hxg5 21.
Rxg5 Kh8 22. Rhg1 Nh7 23. Rh5 Rg8 24. Qe2 Nf4 25. exf4 Qxd4 26. Rxh7+ 1-0

[Event "SF Stadtlohn 1 - SC Klein-Berlin Rheine"]
[Site "Verbandsklasse 2017/2018"]
[Date "2017.09.16"]
[Round "1.4"]
[White "Pusch, Herbert"]
[Black "Miethe, Christoph"]
[Result "0-1"]
[WhiteElo "1543"]
[BlackElo "1734"]
[PlyCount "92"]
[EventDate "2017.??.??"]
[SourceTitle "Verband Muensterland"]
[SourceDate "2017.09.30"]
[SourceVersion "1"]
[SourceVersionDate "2017.09.30"]
[SourceQuality "1"]

1. f4 d5 2. d4 e6 3. Nf3 Nf6 4. e3 a6 5. c3 c5 6. Be2 c4 7. O-O Nc6 8. Nbd2 b5
9. Ne5 Bb7 10. b3 Be7 11. Rf3 g6 12. Rh3 Qc7 13. Bb2 Nxe5 14. fxe5 Nd7 15. Bg4
O-O-O 16. Qe2 h5 17. Bf3 h4 18. Bg4 Qb6 19. Kh1 Kb8 20. Nf3 Rdf8 21. Nd2 f6 22.
exf6 Nxf6 23. Bf3 g5 24. e4 dxe4 25. Bxe4 Nxe4 26. Nxe4 Rf4 27. Nxg5 Rg8 28.
Nf3 Rfg4 29. Rg1 Bd5 30. b4 Qc6 31. Bc1 Re4 32. Qf2 Reg4 33. Be3 Kb7 34. Qe2
Bf6 35. Qf1 Bh8 36. Bf2 e5 37. Rxh4 Bxf3 38. Rxg4 Bxg4 39. Bg3 Be6 40. dxe5 Bd5
41. Qf4 Re8 42. Qd4 Rg8 43. Qe3 Be4 44. Qf4 Bd5 45. h3 Qe6 46. Re1 Qxh3+ 0-1

[Event "SF Stadtlohn 1 - SC Klein-Berlin Rheine"]
[Site "Verbandsklasse 2017/2018"]
[Date "2017.09.16"]
[Round "1.5"]
[White "Huesmann, Stephan"]
[Black "Becking, Stefan"]
[Result "0-1"]
[WhiteElo "1706"]
[BlackElo "1650"]
[PlyCount "64"]
[EventDate "2017.??.??"]
[SourceTitle "Verband Muensterland"]
[SourceDate "2017.09.30"]
[SourceVersion "1"]
[SourceVersionDate "2017.09.30"]
[SourceQuality "1"]

1. e4 c5 2. Nf3 e6 3. d4 cxd4 4. Nxd4 a6 5. Be3 Nc6 6. Qd2 Nf6 7. f3 d5 8. Nxc6
bxc6 9. e5 Nd7 10. f4 Be7 11. Qf2 O-O 12. Nd2 f6 13. exf6 Bxf6 14. O-O-O e5 15.
Bc5 Nxc5 16. Qxc5 exf4 17. Ne4 Bf5 18. Nxf6+ Qxf6 19. Be2 Be4 20. Rhf1 Bxg2 21.
Rf2 f3 22. Bd3 a5 23. Qe3 Qf4 24. Qxf4 Rxf4 25. b3 a4 26. Kb2 Re8 27. c4 g5 28.
cxd5 cxd5 29. Bb5 Re5 30. bxa4 g4 31. a3 d4 32. a5 Rxb5+ 0-1

[Event "SF Stadtlohn 1 - SC Klein-Berlin Rheine"]
[Site "Verbandsklasse 2017/2018"]
[Date "2017.09.16"]
[Round "1.6"]
[White "Söbbing, Ulrich"]
[Black "Pohlmeier, Ulrich"]
[Result "1-0"]
[WhiteElo "1497"]
[BlackElo "1602"]
[PlyCount "98"]
[EventDate "2017.??.??"]
[SourceTitle "Verband Muensterland"]
[SourceDate "2017.09.30"]
[SourceVersion "1"]
[SourceVersionDate "2017.09.30"]
[SourceQuality "1"]

1. d4 d6 2. c4 g6 3. Nc3 Bg7 4. g3 Nf6 5. Bg2 O-O 6. e3 c6 7. Nge2 e5 8. dxe5
dxe5 9. O-O Be6 10. b3 Qc7 11. Bb2 Na6 12. a3 Rad8 13. Qc2 Bf5 14. e4 Be6 15.
Rad1 Nc5 16. b4 Ncd7 17. c5 a5 18. Na4 axb4 19. axb4 Rfe8 20. Ra1 Bh6 21. Bc1
Bg7 22. h3 Ra8 23. Be3 Bf8 24. Kh2 h5 25. Rfb1 Kg7 26. Qc1 Kh7 27. Nac3 Bc4 28.
Ra3 Rxa3 29. Qxa3 Bh6 30. Bxh6 Kxh6 31. Qc1+ Kg7 32. Ra1 Re7 33. Qg5 Nf8 34.
Rd1 Ne6 35. Qc1 b5 36. Ng1 Nd4 37. Nf3 Rd7 38. Nxd4 exd4 39. Nb1 Be2 40. Rd2 d3
41. Nc3 Rd4 42. Nxe2 dxe2 43. Rxd4 Qe5 44. Rd6 h4 45. Qe3 hxg3+ 46. fxg3 Qh5
47. Qc3 Qg5 48. Bf3 Kh6 49. Bxe2 Nxe4 1-0

[Event "SF Stadtlohn 1 - SC Klein-Berlin Rheine"]
[Site "Verbandsklasse 2017/2018"]
[Date "2017.09.16"]
[Round "1.7"]
[White "Engfer, Klaus"]
[Black "Dücker, Marcel"]
[Result "1-0"]
[WhiteElo "1563"]
[BlackElo "1428"]
[PlyCount "125"]
[EventDate "2017.??.??"]
[SourceTitle "Verband Muensterland"]
[SourceDate "2017.09.30"]
[SourceVersion "1"]
[SourceVersionDate "2017.09.30"]
[SourceQuality "1"]

1. e4 e5 2. Bc4 Nf6 3. d3 h6 4. Nf3 Nc6 5. Nc3 Bc5 6. Be3 Bb6 7. O-O d6 8. h3
O-O 9. Nd5 Be6 10. Nxb6 axb6 11. Bxe6 fxe6 12. c3 d5 13. exd5 exd5 14. Qc2 Qd6
15. a3 d4 16. cxd4 exd4 17. Qc4+ Kh8 18. Nxd4 Nxd4 19. Bxd4 Rad8 20. Bxf6 Rxf6
21. Rad1 Qd7 22. Rd2 Rg6 23. Kh1 Qd5 24. Qxd5 Rxd5 25. Kg1 Kg8 26. Rc1 c6 27.
Kf1 Re6 28. Re1 Kf7 29. Rxe6 Kxe6 30. Ke2 Ke7 31. Ke3 c5 32. f4 Ke6 33. g4 g6
34. Rc2 Kd6 35. Rc4 b5 36. Re4 Kd7 37. b3 b6 38. d4 Rd6 39. dxc5 bxc5 40. Re5
Rc6 41. a4 bxa4 42. bxa4 c4 43. Kd2 c3+ 44. Kc2 Rc4 45. f5 gxf5 46. Rxf5 Rxa4
47. Rh5 Ra6 48. Kxc3 Ke7 49. Kd4 Kf7 50. Ke4 Ra4+ 51. Kf3 Ra3+ 52. Kg2 Kg6 53.
Rb5 Rd3 54. Rf5 Re3 55. Rf3 Re5 56. Kg3 Kg5 57. h4+ Kg6 58. Ra3 h5 59. Ra6+ Kg7
60. g5 Rb5 61. Rf6 Rb3+ 62. Kf2 Rb8 63. Rh6 1-0

[Event "SF Stadtlohn 1 - SC Klein-Berlin Rheine"]
[Site "Verbandsklasse 2017/2018"]
[Date "2017.09.16"]
[Round "1.8"]
[White "Sholeh, Othman"]
[Black "van Dam, Hans"]
[Result "0-1"]
[WhiteElo "1440"]
[BlackElo "1555"]
[PlyCount "110"]
[EventDate "2017.??.??"]
[SourceTitle "Verband Muensterland"]
[SourceDate "2017.09.30"]
[SourceVersion "1"]
[SourceVersionDate "2017.09.30"]
[SourceQuality "1"]

1. e4 e5 2. Bc4 Nf6 3. d3 d6 4. Nf3 Bg4 5. Be3 Be7 6. c3 O-O 7. Nbd2 Nc6 8. O-O
Na5 9. Bb3 Nxb3 10. Qxb3 b6 11. Qc2 c5 12. h3 Bc8 13. Nh2 Nh5 14. f4 exf4 15.
Bxf4 Bg5 16. Bxg5 Qxg5 17. Rf3 Nf4 18. g4 Ng6 19. Raf1 d5 20. Rg3 Be6 21. exd5
Qxd5 22. b3 Ne5 23. Ne4 Rad8 24. Nf2 Ng6 25. Rd1 Qe5 26. Ne4 Bd5 27. Re3 Bxe4
28. Rxe4 Qg3+ 29. Qg2 Rxd3 30. Rxd3 Qxd3 31. Qf3 Qb1+ 32. Nf1 Qxa2 33. c4 Qb2
34. g5 Qc1 35. h4 f6 36. Qe2 fxg5 37. hxg5 Qxg5+ 38. Rg4 Qf5 39. Ng3 Qf3 40.
Qe6+ Qf7 41. Qxf7+ Rxf7 42. Kg2 Nf4+ 43. Kh2 Nd3 44. Re4 g6 45. Re8+ Kg7 46.
Re3 Nf2 47. Re2 Ng4+ 48. Kg2 h5 49. Ra2 Re7 50. Rb2 a5 51. Rd2 Re3 52. Rb2 h4
53. Nf1 Rc3 54. Nd2 h3+ 55. Kg1 Rc1+ 0-1

[Event "SK Gescher 1 - Südlohner SV 2"]
[Site "Verbandsklasse 2017/2018"]
[Date "2017.09.16"]
[Round "1.1"]
[White "Sparwel, Oliver"]
[Black "Eißing, Christoph"]
[Result "1/2-1/2"]
[WhiteElo "1882"]
[BlackElo "1991"]
[PlyCount "60"]
[EventDate "2017.??.??"]
[SourceTitle "Verband Muensterland"]
[SourceDate "2017.09.30"]
[SourceVersion "1"]
[SourceVersionDate "2017.09.30"]
[SourceQuality "1"]

1. Nf3 Nf6 2. d4 g6 3. g3 Bg7 4. Bg2 O-O 5. O-O d6 6. c4 c6 7. Nc3 Nbd7 8. e4
e5 9. h3 Re8 10. dxe5 dxe5 11. Be3 Qe7 12. Qc2 Nb6 13. b3 Nfd7 14. a4 a5 15.
Rfd1 Nc5 16. Ne1 Nbd7 17. Nd3 Nxd3 18. Rxd3 Nc5 19. Rd2 Be6 20. Rad1 Bf8 21.
Ne2 Qc7 22. Nc1 Rad8 23. Nd3 Nxd3 24. Rxd3 Rxd3 25. Rxd3 Rd8 26. Qd1 Rxd3 27.
Qxd3 Qd6 28. Qxd6 Bxd6 29. Bb6 Bb4 30. Kf1 f5 1/2-1/2

[Event "SK Gescher 1 - Südlohner SV 2"]
[Site "Verbandsklasse 2017/2018"]
[Date "2017.09.16"]
[Round "1.2"]
[White "Priebs, Ludger"]
[Black "Emming, Benedikt"]
[Result "1/2-1/2"]
[WhiteElo "1764"]
[BlackElo "1799"]
[PlyCount "37"]
[EventDate "2017.??.??"]
[SourceTitle "Verband Muensterland"]
[SourceDate "2017.09.30"]
[SourceVersion "1"]
[SourceVersionDate "2017.09.30"]
[SourceQuality "1"]

1. Nf3 c5 2. e4 Nf6 3. e5 Nd5 4. c3 e6 5. d4 d6 6. Bb5+ Bd7 7. Bxd7+ Qxd7 8.
O-O Nc6 9. dxc5 dxc5 10. Qe2 Be7 11. Bg5 O-O 12. Bxe7 Ndxe7 13. Na3 Ng6 14. h4
Rad8 15. Qe3 Qe7 16. h5 Nh4 17. Nh2 Nf5 18. Qe4 Qc7 19. g4 1/2-1/2

[Event "SK Gescher 1 - Südlohner SV 2"]
[Site "Verbandsklasse 2017/2018"]
[Date "2017.09.16"]
[Round "1.3"]
[White "Richters, Alfred"]
[Black "Lanfer, Stefanie"]
[Result "1/2-1/2"]
[WhiteElo "1873"]
[BlackElo "1810"]
[PlyCount "72"]
[EventDate "2017.??.??"]
[SourceTitle "Verband Muensterland"]
[SourceDate "2017.09.30"]
[SourceVersion "1"]
[SourceVersionDate "2017.09.30"]
[SourceQuality "1"]

1. d4 Nf6 2. Nc3 g6 3. e4 d6 4. f4 Bg7 5. Nf3 O-O 6. Bd3 c5 7. dxc5 dxc5 8. e5
Nd5 9. Nxd5 Qxd5 10. Qe2 e6 11. Be4 Qd7 12. Be3 Na6 13. c3 Rb8 14. O-O b6 15.
Rfd1 Qe7 16. Rd2 Nc7 17. Rad1 Ba6 18. c4 Rfd8 19. Bc6 Rxd2 20. Rxd2 Rd8 21.
Rxd8+ Qxd8 22. Qc2 f6 23. exf6 Bxf6 24. b3 Qd6 25. Be4 Bg7 26. g3 Bc8 27. Qd2
Ne8 28. Kg2 Qxd2+ 29. Bxd2 Nd6 30. Bc6 Nf5 31. g4 Nd4 32. Nxd4 Bxd4 33. Kf3 Kg7
34. Ke4 e5 35. h3 exf4 36. Bxf4 Kf6 1/2-1/2

[Event "SK Gescher 1 - Südlohner SV 2"]
[Site "Verbandsklasse 2017/2018"]
[Date "2017.09.16"]
[Round "1.4"]
[White "Iking, Bernhard"]
[Black "Albers, Thomas"]
[Result "1/2-1/2"]
[WhiteElo "1793"]
[BlackElo "1763"]
[PlyCount "79"]
[EventDate "2017.??.??"]
[SourceTitle "Verband Muensterland"]
[SourceDate "2017.09.30"]
[SourceVersion "1"]
[SourceVersionDate "2017.09.30"]
[SourceQuality "1"]

1. d4 d5 2. Nf3 g6 3. c4 Nf6 4. Nc3 Bg7 5. cxd5 Nxd5 6. e4 Nxc3 7. bxc3 O-O 8.
Be2 c5 9. O-O Qc7 10. Be3 b6 11. Rc1 Nd7 12. e5 e6 13. Ng5 Bb7 14. Bf3 a6 15.
Qe2 b5 16. Rfd1 c4 17. h4 Nb6 18. Ne4 Bxe4 19. Bxe4 Rad8 20. h5 Qe7 21. Qg4 Nd5
22. hxg6 hxg6 23. Bg5 f6 24. Bh4 g5 25. exf6 Bxf6 26. Bxd5 Rxd5 27. Re1 Rf5 28.
Bg3 Bg7 29. Re2 Qa3 30. Rcc2 Qe7 31. Qe4 e5 32. dxe5 Qe6 33. Rcd2 Re8 34. Rd6
Qxd6 35. exd6 Rxe4 36. Rxe4 Rd5 37. Re7 Kf8 38. Ra7 Bxc3 39. Rxa6 Ke8 40. Ra7
1/2-1/2

[Event "SK Gescher 1 - Südlohner SV 2"]
[Site "Verbandsklasse 2017/2018"]
[Date "2017.09.16"]
[Round "1.5"]
[White "Schmeing, Manfred"]
[Black "Stein, Michael"]
[Result "1/2-1/2"]
[WhiteElo "1706"]
[BlackElo "1690"]
[PlyCount "29"]
[EventDate "2017.??.??"]
[SourceTitle "Verband Muensterland"]
[SourceDate "2017.09.30"]
[SourceVersion "1"]
[SourceVersionDate "2017.09.30"]
[SourceQuality "1"]

1. e4 d5 2. exd5 Qxd5 3. d4 e5 4. dxe5 Qxe5+ 5. Qe2 Nc6 6. c3 Bf5 7. Nf3 Qxe2+
8. Bxe2 O-O-O 9. O-O Bd6 10. Be3 Nge7 11. Nbd2 Nd5 12. Nc4 Nxe3 13. Nxe3 Bg6
14. Rad1 Rhe8 15. Bb5 1/2-1/2

[Event "SK Gescher 1 - Südlohner SV 2"]
[Site "Verbandsklasse 2017/2018"]
[Date "2017.09.16"]
[Round "1.6"]
[White "Brands, Julian"]
[Black "Musholt, Joachim"]
[Result "1-0"]
[WhiteElo "1636"]
[BlackElo "1726"]
[PlyCount "45"]
[EventDate "2017.??.??"]
[SourceTitle "Verband Muensterland"]
[SourceDate "2017.09.30"]
[SourceVersion "1"]
[SourceVersionDate "2017.09.30"]
[SourceQuality "1"]

1. e4 c5 2. Nc3 Nc6 3. g3 g6 4. Bg2 Bg7 5. d3 d6 6. Be3 e6 7. Qd2 Bd7 8. Nge2
Nge7 9. Bh6 O-O 10. Bxg7 Kxg7 11. h4 h6 12. f4 a6 13. h5 f5 14. hxg6 Qe8 15.
O-O-O Qxg6 16. Bf3 Qf6 17. Rdg1 Nd4 18. Nxd4 cxd4 19. Ne2 e5 20. g4 fxg4 21. f5
Kh7 22. Rxg4 Ng8 23. Rg6 1-0

[Event "SK Gescher 1 - Südlohner SV 2"]
[Site "Verbandsklasse 2017/2018"]
[Date "2017.09.16"]
[Round "1.7"]
[White "Janssen, Guido"]
[Black "Robers, Frank"]
[Result "0-1"]
[WhiteElo "1639"]
[BlackElo "1648"]
[PlyCount "84"]
[EventDate "2017.??.??"]
[SourceTitle "Verband Muensterland"]
[SourceDate "2017.09.30"]
[SourceVersion "1"]
[SourceVersionDate "2017.09.30"]
[SourceQuality "1"]

1. e4 c5 2. c3 d5 3. exd5 Qxd5 4. d4 Nf6 5. Na3 cxd4 6. Nb5 Qd8 7. Bf4 Na6 8.
Nxd4 Nc7 9. Qf3 Ncd5 10. Bb5+ Bd7 11. Rd1 e6 12. Nge2 Be7 13. Bg3 O-O 14. O-O
Bxb5 15. Nxb5 Qb6 16. c4 a6 17. Nbd4 Nc7 18. Rd3 e5 19. Bxe5 Ne6 20. Rb3 Qc5
21. Qg3 Nh5 22. Qe3 Bg5 23. Nxe6 Bxe3 24. Nxc5 Bxc5 25. Rxb7 Rfd8 26. Nc3 f6
27. Bc7 Rd7 28. Rd1 Rf7 29. Ne4 Bf8 30. Nd6 Bxd6 31. Rxd6 Rc8 32. b4 Rfxc7 33.
Rxc7 Rxc7 34. c5 a5 35. a3 axb4 36. axb4 Kf7 37. Kf1 Ke7 38. Ke2 Nf4+ 39. Kf3
Ne6 40. Ke4 Nd8 41. h4 Rb7 42. Rd4 Nc6 0-1

[Event "SK Gescher 1 - Südlohner SV 2"]
[Site "Verbandsklasse 2017/2018"]
[Date "2017.09.16"]
[Round "1.8"]
[White "Frieske, Hilmar"]
[Black "Lüdiger, Felix"]
[Result "1-0"]
[WhiteElo "1720"]
[BlackElo "1581"]
[PlyCount "95"]
[EventDate "2017.??.??"]
[SourceTitle "Verband Muensterland"]
[SourceDate "2017.09.30"]
[SourceVersion "1"]
[SourceVersionDate "2017.09.30"]
[SourceQuality "1"]

1. e4 e5 2. Nf3 Nc6 3. Bc4 Nf6 4. Ng5 d5 5. exd5 Na5 6. Bb5+ c6 7. dxc6 bxc6 8.
Be2 h6 9. Nf3 e4 10. Ne5 Qd5 11. Ng4 Bxg4 12. Bxg4 e3 13. Bf3 exf2+ 14. Kf1 Bc5
15. c3 Qd3+ 16. Be2 Qf5 17. b4 Rb8 18. Ba3 O-O 19. bxa5 Rxb1 20. Qxb1 Ne4 21.
Bc1 Re8 22. d4 Bd6 23. g4 Qf6 24. Qd3 Qh4 25. Kg2 Nxc3 26. Qh3 Qxh3+ 27. Kxh3
Nxe2 28. Rf1 Nf4+ 29. Bxf4 Bxf4 30. Rxf2 Re3+ 31. Kg2 g5 32. Rc2 Rd3 33. Rxc6
Rxd4 34. Rxh6 Ra4 35. a6 f6 36. Rh3 Rxa6 37. a4 Be5 38. Ra2 Rc6 39. Rd3 Rd6 40.
Rb3 Rd4 41. h3 Rc4 42. a5 Rc3 43. Rxc3 Bxc3 44. a6 Kf7 45. Rc2 Be5 46. Kf3 Bb8
47. Ke4 Ke7 48. Rb2 1-0

[Event "SC Falke Saerbeck 1 - SG Turm Raesfeld/"]
[Site "Verbandsklasse 2017/2018"]
[Date "2017.09.16"]
[Round "1.1"]
[White "Pliete, Christian"]
[Black "Hegemann, Eike"]
[Result "1/2-1/2"]
[WhiteElo "1839"]
[BlackElo "1971"]
[PlyCount "23"]
[EventDate "2017.??.??"]
[SourceTitle "Verband Muensterland"]
[SourceDate "2017.09.30"]
[SourceVersion "1"]
[SourceVersionDate "2017.09.30"]
[SourceQuality "1"]

1. e4 c5 2. Nf3 d6 3. d4 cxd4 4. Nxd4 Nf6 5. Bd3 e5 6. Nf3 Be7 7. O-O O-O 8. h3
d5 9. Nbd2 Nbd7 10. Re1 Qc7 11. Qe2 Re8 12. c3 1/2-1/2